| 000 | 00499 a2200169 4500 | ||
|---|---|---|---|
| 003 | OSt | ||
| 005 | 20231229105836.0 | ||
| 008 | 231229b |||||||| |||| 00| 0 eng d | ||
| 020 | _a9789350727379 | ||
| 040 | _coclc | ||
| 082 |
_a891.433 _bREN/R |
||
| 100 |
_aRenu, Dakshineshwar _910228 |
||
| 245 |
_aRENU KI AANCHILIK KAHANIYAN / _cDakshineshwar Renu |
||
| 260 |
_aNew Delhi: _bVani Prakashan, _c2014. |
||
| 300 | _a147p | ||
| 942 |
_2ddc _cBK _h891.433 _iREN/R _k891.433 _mREN/R |
||
| 999 |
_c43610 _d43610 |
||